| 000 | 00450nam a2200193Ia 4500 | ||
|---|---|---|---|
| 003 | 0100 | ||
| 008 | 130303s9999 xx 000 0 und d | ||
| 040 | _cARRUPELIB | ||
| 050 | _aHM258.D35 1975 | ||
| 100 | _aDe Fleur, Melvin L | ||
| 245 | _aTheories of Mass Communication | ||
| 250 | _athird edition | ||
| 260 | _aNY | ||
| 260 | _bDavid McKay Company Inc | ||
| 260 | _C1975 | ||
| 300 | _a288p | ||
| 700 | _aBall-Rokeach, Sandra | ||
| 942 | 0 | 0 | _01 |
| 999 |
_c29887 _d29887 |
||